01782nam a2200265 u 450000100070000000500170000700800410002403500170006503500210008204000130010304100080011608000060012410000810013024500530021126000920026430000170035649000220037350504520039552005480084765000190139565000250141465000220143965000260146170000290148781286920260506093530.0021004e19971001 spa  a812869z2644 a(OCoLC)777723437 ccomduadb aspa aG10aSerna Gómez, Humberto4aut0(isni)0000 0000 2716 69410(viaf)53232330eaut10aBanco ganadero un caso de internacionalización aSantafé de Bogotá :bUniversidad de los Andes, Facultad de Administración,c1997. a95 páginas0 aSerie Casos ;v48 aCONTENIDO: 1.Introducción al caso --- 2.Historia del banco ganadero --- 3.Diversificación en otras áreas financieras --- 4.Estructura y planeación estratégica del banco 1996 --- 5.Expansión internacional --- 6.Planteamiento principal en detalles --- 7.Consolidación de la internacionalización del banco ganadero --- 8.Consecuencias de la llegada del B.B.V. al banco ganadero --- 9.Anexos --- 10.Banco ganadero. Guia del profesor .3 aEl Banco Ganadero es el caso interesante de una entidad que logro pasar en pocos a?os de ser un banco parroquial a ser un banco internacional de gran avance tecnologico. Este caso nos relata como el Banco Ganadero llego a ser el primer banco del pais, el proceso de internacionalizacion que ha vivido y sus implicaciones, y las estrategias que planeaba para el futuro en una economia abierta y globalizada. En abril de 1996 era el que contaba con mayor volumen de activos, depositos y creditos, siendo catalogado como el primer banco del pais. aBanco Ganadero 7aCompetitividad2lemb aSector financiero 7aGlobalización2lemb10aGrosse, Robert4auteaut